<The> heart of change real-life stories of how people change their organizations
Salvato in:
| Autore principale: | |
|---|---|
| Altri autori: | |
| Natura: | Libro |
| Lingua: | inglese |
| Pubblicazione: |
Boston
Harvard Business School Press
2002
|
| Soggetti: | |
| Tags: |
Nessun Tag, puoi essere il primo ad aggiungerne!!
|
MARC
| LEADER | 00000nam$a2200000$$$4500 | ||
|---|---|---|---|
| 001 | 0055953 | ||
| 005 | 20221129100951.4 | ||
| 020 | |a 978-1-57851-254-6 | ||
| 020 | |a 1-57851-254-9 | ||
| 041 | 0 | |a eng | |
| 044 | |a US | ||
| 245 | 1 | 0 | |a <The> heart of change |b real-life stories of how people change their organizations |c John P. Kotter, Dan S. Cohen |
| 264 | 1 | |a Boston |b Harvard Business School Press |c 2002 | |
| 300 | |a xiv, 190 s. | ||
| 610 | 2 | 0 | |a zmeny organizačné |
| 610 | 2 | 0 | |a reorganizácia |
| 610 | 2 | 0 | |a plán strategický |
| 610 | 2 | 0 | |a vízie |
| 610 | 2 | 0 | |a manažment personálny |
| 100 | 1 | |a Kotter, John P. | |
| 700 | 1 | |a Cohen, Dan S. | |